000 00679nam a2200229Ia 4500
003 OSt
005 20220918180813.0
006 a|||||r|||| 00| 0
007 ta
008 220917b |||||||| |||| 00| 0 eng d
024 _a24,248
037 _cTextual
040 _aARTS
_cARTS
_beng
041 _2eng
_aeng
082 _aO111,1J7x, F1 (EO)
100 _aGrierson Herbert J ed
_957162
245 0 _aMetaphysical lyrics and poems of the seventeenth century Donne to Butler
260 _aOxford
_bClarendon Press
_c1958
650 _aENGLISH LITERATURE
942 _hO111,1J7x, F1 (EO)
_cTEXL
_2CC
999 _c163222
_d163222